Dark Souls 2 Bosses - Statistics

General Stats
  • This quiz has been taken 706 times
  • The average score is 31 of 41
Answer Stats
Area Name Answer % Correct
Forest of Fallen Giants The Last Giant
97%
Heide's Tower of Flame Dragonrider
89%
Sinner's Rise Lost Sinner
87%
Cathedral of Blue Old Dragonslayer
87%
Iron Keep Old Iron King
87%
Forest of Fallen Giants Pursuer
87%
Iron Keep Smelter Demon
87%
Iron Passage Smelter Demon (Blue)
87%
Dragon Shrine Ancient Dragon
85%
Throne of Want Aldia, Scholar of the First Sin
84%
Brume Tower Fume Knight
83%
Black Gulch The Rotten
83%
Undead Crypt Vendrick
83%
Throne of Want Nashandra
81%
Belfry Luna Belfry Gargoyles
80%
Shrine of Amana Demon of Song
80%
No-Man's Wharf Flexile Sentry
79%
Memory of Jeigh Giant Lord
79%
Doors of Pharros Royal Rat Authority
76%
Grave of Saints Royal Rat Vanguard
76%
Memory of the Old Iron King Sir Alonne
76%
Huntsman's Copse Skeleton Lords
74%
Brightstone Cove Tseldora The Duke's Dear Freja
74%
Earthen Peak Covetous Demon
71%
Dark Chasm of Old Darklurker
71%
Lost Bastille Ruin Sentinels
71%
Frozen Eleum Loyce Aava, the King's Pet
70%
Shaded Woods Scorpioness Najka
70%
King's Passage Looking Glass Knight
69%
Old Chaos Burnt Ivory King
68%
Undead Purgatory Executioner's Chariot
68%
Undead Crypt Velstadt, the Royal Aegis
68%
Aldia's Keep Guardian Dragon
66%
Dragon's Rest Sinh, the Slumbering Dragon
66%
Earthen Peak Mytha, the Baneful Queen
64%
Drangleic Castle Dragonriders
63%
Throne of Want Throne Watcher & Throne Defender
63%
Frigid Outskirts Lud and Zallen, the King's Pets
61%
Brightstone Cove Tseldora Prowling Magus & Congregation
56%
Dragon's Rest Elana, Squalid Queen
51%
Cave of the Dead Afflicted Graverobber, Ancient Soldier Varg & Cerah the Old Explorer
42%
No matching quizzes found
Score Distribution
Percent of People with Each Score
Percentile by Number Answered
Your Score History
You have not taken this quiz